Statistics for One Border Countries - Shape Quiz

Click here to take the quiz!

General Stats

  • This quiz has been taken 12,946 times
  • The average score is 11 of 17

Answer Stats

Answer % Correct
Canada
98%
United Kingdom
95%
Ireland
83%
Portugal
81%
Papua New Guinea
79%
Denmark
76%
Haiti
67%
Gambia
65%
South Korea
65%
Monaco
51%
Dominican Republic
51%
Vatican City
49%
East Timor
46%
Lesotho
45%
Qatar
44%
San Marino
43%
Brunei
39%

Score Distribution

Percentile by Number Answered

Percent of People with Each Score

Your Score History

You have not taken this quiz